MESTSKÁ KNIŽNICA GIRALTOVCE  - online katalóg 

Smrť v Benátkach (Record no. 24128)

000 -NÁVESTIE
fixed length control field 01339cam a2200373 4500
001 - EVIDENČNÉ ČÍSLO ZÁZNAMU - Kontrolné číslo
control field vtls012287823
005 - DÁTUM A ČAS POSLEDNEJ TRANSAKCIE
control field 20260107134404.0
008 - ÚDAJE S PEVNOU DĹŽKOU – VŠEOBECNÉ INFORMÁCIE
fixed length control field 251121s2025 xo g 000 f slo
020 ## - MEDZINÁRODNÉ ŠTANDARDNÉ ČÍSLO KNIHY (ISBN)
Medzinárodné štandardné číslo knihy (ISBN) 9788057500667
Qualifying information (viazané)
040 ## - ZDROJ KATALOGIZÁCIE
Pôvodná katalogizujúca agentúra SNK
Jazyk katalogizácie slo
Prepisujúca agentúra SNK
Konvencie popisu rda
041 1# - KÓD JAZYKA
Kód jazyka textu/zvukovej stopy alebo samostatných nápisov slo
Kód jazyka originálu a/alebo sprostredkujúcich prekladov textu ger
044 ## - KÓD KRAJINY VYDAVATEĽA/PRODUCENTA
Kód krajiny MARC xo
Kód krajiny ISO SK
072 #7 - KÓD PREDMETOVEJ KATEGÓRIE
Kód predmetovej kategórie 821.112.2
Pododdiel kódu predmetovej kategórie Nemecká literatúra, nemecky písaná
Zdroj konspekt
080 ## - ČÍSLO MEDZINÁRODNÉHO DESATINNÉHO TRIEDENIA (MDT)
Číslo Medzinárodného desatinného triedenia (MDT) 821.112.2-32
Identifikátor vydania 2011
100 1# - OSOBNÉ MENÁ – VŠEOBECNÉ INFORMÁCIE
Osobné meno Mann, Thomas,
Dátumy súvisiace s menom 1875-1955
Kód roly aut
-- 5395
240 14 - UNIFIKOVANÝ NÁZOV
Unifikovaný názov Der Tod in Venedig
Jazyk diela Slovensky
245 10 - NÁZOV
Názov Smrť v Benátkach
Údaj o zodpovednosti atď. Thomas Mann ; z nemeckého originálu Der Tod in Venedig ... preložil a doslov napísal Andrej Záhorák
250 ## - ÚDAJ O PORADÍ VYDANIA
Údaj o poradí vydania Vydanie prvé
264 #1 - VYDAVATEĽSKÉ ÚDAJE, DISTRIBÚCIA ATĎ. - RDA
Miesto publikovania, distribúcie atď. Bratislava
Názov vydavateľa, distibútora atď. Ikar a.s. - ODEON
Dátum publikovania, distribúcie atď. 2025
300 ## - FYZICKÝ POPIS
Rozsah 91 strán
Rozmery 21 cm
336 ## - TYP OBSAHU
Typ obsahu - termín text
Typ obsahu - kód txt
Zdroj rdacontent
337 ## - TYP MÉDIA
Typ média - termín bez média
Typ média - kód n
Zdroj rdamedia
338 ## - TYP NOSIČA
Typ nosiča - termín zväzok
Typ nosiča - kód nc
Zdroj rdacarrier
490 1# - EDÍCIA
Edícia Svetová klasika ODEON
500 ## - VŠEOBECNÁ POZNÁMKA
Formátovaná poznámka o obsahu Obsahuje stručné profesijné údaje o autorovi na zadnej strane obálky publikácie
655 #7 - INDEXAČNÝ TERMÍN – ŽÁNER/FORMA
Údaje o žánri/forme alebo termín, ktorý je prvok fazety nemecké novely
Zdroj termínu SNKPH
-- 5396
655 #7 - INDEXAČNÝ TERMÍN – ŽÁNER/FORMA
Údaje o žánri/forme alebo termín, ktorý je prvok fazety German novellas
Zdroj termínu SNKPHeng
-- 5397
700 1# - PRIDANÝ VSTUP – OSOBNÉ MENO
Osobné meno Zahorák, Andrej,
Dátumy súvisiace s menom 1990-
Kód roly trl
-- aft
-- 2616
700 1# - PRIDANÝ VSTUP – OSOBNÉ MENO
Osobné meno Melicher, Marcel
Kód roly edt
-- 5398
700 1# - PRIDANÝ VSTUP – OSOBNÉ MENO
Osobné meno Nosáľ, Peter
Kód roly bjd
-- bkd
-- 5399
958 ## - Formálny deskriptor
Formálny deskriptor LX
958 ## - Formálny deskriptor
Formálny deskriptor UP
Holdings
Stav stiahnutia (Blokovanie) (Withrawn status) Stav straty Zdroj klasifikácie pre skladovanie Stav poškodenia (Damaged status) Nie pre výpožičky (Not for loan) Spôsob nadobudnutia (Collection code) Trvalé umiestnenie Aktuálne umiestnenie Dátum nadobudnutia Náklady, bežná kúpna cena Inventárne číslo (prírastkové číslo) Full call number Čiarový kód Dátum posledného výskytu Cena s účinnosťou od Typ jednotky Koha
          Kúpa Mestská knižnica Giraltovce Mestská knižnica Giraltovce 2026-01-07 11.20 22504 b11020 B11020 2026-01-07 2026-01-07 Krásna literatúra pre dospelých

Powered by Koha